| 000 | 00000nam##2200000za#4500 |
| 001 | 9.559551 |
| 003 | CaOODSP |
| 005 | 20210624172931 |
| 007 | cr ||||||||||| |
| 008 | 150406|2005||||xxc|||||o f|0| 0 eng|d |
| 020 | |a0-662-40998-1 |
| 040 | |aCaOODSP|beng |
| 043 | |an-cn--- |
| 086 | 1 |aPS3-1/2005-3E-PDF |
| 110 | 1 |aCanada. |bPublic Safety and Emergency Preparedness Canada. |
| 245 | 14|aThe national flagging system : |h[electronic resource]|bidentifying and responding to high-risk, violent offenders / |c[by] James Bonta and Annie K. Yessine. |
| 260 | |aOttawa - Ontario : |bPublic Safety and Emergency Preparedness Canada |cc2005. |
| 300 | |a34p.|breferences, tables |
| 490 | 1 |aCorrections research, user report|v2005-04 |
| 590 | |a12-43-Supp|b2012-12-07 |
| 775 | 08|tSystème national de repérage : |w(CaOODSP)9.592279 |
| 776 | 0#|tThe national flagging system : |w(CaOODSP)9.541702 |
| 776 | 0#|tSystème national de repérage : |w(CaOODSP)9.541703 |
| 830 | #0|aCorrections research, user report ;|v2005-04|w(CaOODSP)9.504759 |
| 856 | 40|ahttp://publications.gc.ca|qPDF|s241 KB|uhttps://publications.gc.ca/collections/collection_2012/sp-ps/PS3-1-2005-3-eng.pdf|y2005-04 |